[Event "25th European Teams"]
[Site "Batumi GEO"]
[Date "2025.10.12"]
[Round "7.8"]
[Board "2"]
[White "Petrov, Martin"]
[Black "Navara, David"]
[Result "1/2-1/2"]
[WhiteTitle "GM"]
[BlackTitle "GM"]
[WhiteElo "2540"]
[BlackElo "2656"]
[WhiteTeam "Bulgaria"]
[BlackTeam "Czech Republic"]
[WhiteFideId "2911086"]
[BlackFideId "309095"]
[EventDate "2025.10.05"]

1. c4 e5 2. g3 Nf6 3. Bg2 d5 4. cxd5 Nxd5 5. Nf3 Nc6 6. O-O Nb6 7. b3 Bd6 8. Bb2
O-O 9. Nc3 f5 10. e4 f4 11. Ne2 fxg3 12. hxg3 Bg4 13. Nh2 Bh5 14. g4 Bg6 15. f4
exf4 16. d4 f3 17. Rxf3 Bxh2+ 18. Kxh2 Qh4+ 19. Rh3 Qxg4 20. Nc3 Qf4+ 21. Kh1
Rad8 22. d5 Ne5 23. Ne2 Qg5 24. Qc1 Qxc1+ 25. Rxc1 Nbd7 26. Rxc7 Rf2 27. Bxe5
Nxe5 28. Nd4 Rxa2 29. Ne6 Rd7 30. Rxd7 Nxd7 31. Rc3 Rxg2 32. Kxg2 Bxe4+ 33. Kg3
Bxd5 34. Nd8 a5 35. Rc7 Nf6 36. Nxb7 1/2-1/2

[Event "25th European Teams"]
[Site "Batumi GEO"]
[Date "2025.10.12"]
[Round "7.8"]
[Board "3"]
[White "Finek, Vaclav"]
[Black "Petkov, Momchil"]
[Result "1/2-1/2"]
[WhiteTitle "IM"]
[BlackTitle "GM"]
[WhiteElo "2518"]
[BlackElo "2509"]
[WhiteTeam "Czech Republic"]
[BlackTeam "Bulgaria"]
[WhiteFideId "23718293"]
[BlackFideId "2921642"]
[EventDate "2025.10.05"]

1. d4 d5 2. c4 e6 3. Nf3 Nf6 4. g3 Bb4+ 5. Bd2 a5 6. Bg2 O-O 7. Qc2 Bd6 8. O-O
c6 9. Nc3 dxc4 10. Ne5 Bc7 11. e3 Bxe5 12. dxe5 Nd5 13. Ne4 Nd7 14. f4 b5 15. b3
Ba6 16. bxc4 bxc4 17. Rfe1 Qb6 18. Rab1 Qa7 19. Nd6 Qc5 20. Ne4 Qa3 21. Qb2 Qa4
22. Nc3 Nxc3 23. Qxc3 Nc5 24. Bf3 Nd3 25. Rf1 Qxa2 26. Bxc6 Rab8 27. Ra1 Qb3 28.
Qxa5 Bb5 29. Bf3 Bd7 30. Ra3 Qc2 31. Ra2 Qb3 32. Ra3 Qc2 33. Ra2 Qb3 34. Ra3 Qc2 1/2-1/2

[Event "25th European Teams"]
[Site "Batumi GEO"]
[Date "2025.10.12"]
[Round "7.8"]
[Board "4"]
[White "Dimitrov, Radoslav"]
[Black "Vykouk, Jan"]
[Result "1/2-1/2"]
[WhiteTitle "GM"]
[BlackTitle "IM"]
[WhiteElo "2496"]
[BlackElo "2516"]
[WhiteTeam "Bulgaria"]
[BlackTeam "Czech Republic"]
[WhiteFideId "2908549"]
[BlackFideId "349658"]
[EventDate "2025.10.05"]

1. b3 d6 2. Bb2 e5 3. c4 Nf6 4. g3 g6 5. Bg2 Bg7 6. d3 O-O 7. Nf3 Nbd7 8. O-O
Re8 9. Qc2 a5 10. Nc3 Nc5 11. Nd2 Bd7 12. Nde4 Nfxe4 13. Nxe4 Nxe4 14. Bxe4 c6
15. Bc3 Bh3 16. Bg2 Bxg2 17. Kxg2 d5 18. e4 b5 19. a4 b4 20. Bd2 Rc8 21. Be3 Qd7
22. f3 f5 23. Rad1 Qf7 24. Qf2 d4 25. Bd2 c5 26. Rde1 f4 27. g4 h6 28. h4 Rc6
29. Rh1 Rd6 30. h5 g5 31. Kf1 Rc6 1/2-1/2

[Event "25th European Teams"]
[Site "Batumi GEO"]
[Date "2025.10.12"]
[Round "7.9"]
[Board "1"]
[White "Mchedlishvili, Mikheil"]
[Black "Fedoseev, Vladimir3"]
[Result "0-1"]
[WhiteTitle "GM"]
[BlackTitle "GM"]
[WhiteElo "2562"]
[BlackElo "2720"]
[WhiteTeam "Georgia 1"]
[BlackTeam "Slovenia"]
[WhiteFideId "13600966"]
[BlackFideId "24130737"]
[EventDate "2025.10.05"]

1. d4 d5 2. c4 e6 3. Nf3 c5 4. cxd5 exd5 5. g3 Nf6 6. Bg2 Be7 7. O-O O-O 8. dxc5
Bxc5 9. a3 h6 10. b4 Bd6 11. Nc3 a5 12. Bb2 axb4 13. axb4 Rxa1 14. Qxa1 Bxb4 15.
Rd1 Bxc3 16. Bxc3 Nbd7 17. Nh4 Qe7 18. Nf5 Qxe2 19. Re1 Qg4 20. Ne7+ Kh8 21. h3
Qg5 22. Rc1 Ne4 23. Nxc8 Ndc5 24. h4 Qg4 25. Nb6 Rg8 26. Qb1 Rd8 27. Bb4 Ne6 28.
Nxd5 Nd4 29. Re1 f5 30. Nc3 Nd2 31. Qc1 N4f3+ 32. Kh1 Nxe1 33. Qxe1 Qxb4 34. Nd5
Qb1 0-1

[Event "25th European Teams"]
[Site "Batumi GEO"]
[Date "2025.10.12"]
[Round "7.9"]
[Board "2"]
[White "Demchenko, Anton"]
[Black "Kacharava, Nikolozi"]
[Result "1/2-1/2"]
[WhiteTitle "GM"]
[BlackTitle "GM"]
[WhiteElo "2628"]
[BlackElo "2486"]
[WhiteTeam "Slovenia"]
[BlackTeam "Georgia 1"]
[WhiteFideId "4160258"]
[BlackFideId "13611860"]
[EventDate "2025.10.05"]

1. e4 e5 2. Nf3 Nc6 3. Bc4 Bc5 4. d3 Nf6 5. Bg5 h6 6. Bh4 d6 7. c3 a5 8. Nbd2
Ba7 9. O-O g5 10. Bg3 O-O 11. a3 a4 12. Kh1 Bd7 13. Bb5 Ne7 14. Bxa4 Bxa4 15.
Qxa4 Bxf2 16. Qd1 Bxg3 17. hxg3 Nh5 18. Kh2 Ng7 19. Nc4 Qc8 20. Nfd2 f5 21. exf5
Nexf5 22. g4 Ne7 23. Rxf8+ Qxf8 24. Qb3 Qf4+ 25. Kg1 d5 26. Qxb7 Re8 27. Rf1 Qg3
28. Qxc7 dxc4 29. Ne4 Qe3+ 30. Kh2 Qxd3 31. Nf6+ Kh8 32. Rf3 Nd5 33. Rxd3 Nxc7
34. Rh3 h5 35. Nxe8 Ncxe8 36. a4 Ne6 37. a5 Nd6 38. a6 Nc7 39. Rf3 e4 40. Rf8+
Kg7 41. Rd8 Nf7 42. Rd4 Nxa6 43. Rxe4 hxg4 44. Rxc4 Ne5 45. Rc8 Kf6 46. b4 Ke6
47. b5 Kd7 48. Rg8 Nc5 49. Rxg5 Kd6 50. Rh5 Na4 51. Rh6+ Kc5 52. Kg3 Nc4 53.
Rh5+ Kb6 54. Kxg4 Nxc3 55. Kf4 Nxb5 56. g4 Nc7 57. g5 Ne6+ 58. Ke4 Nxg5+ 59.
Rxg5 Kc6 60. Kd4 Nb6 61. Rg6+ Kc7 62. Rh6 Nd7 63. Kd5 Nb6+ 64. Ke5 Nd7+ 65. Ke4
Nb6 66. Re6 Nd7 67. Rh6 Nb6 68. Ke5 Nd7+ 69. Ke6 Nb6 70. Rh1 Kc6 71. Rc1+ Kb5
72. Ke5 Nc4+ 73. Kd4 Nb6 74. Rc5+ Kb4 75. Rh5 Nd7 76. Rf5 Nb6 77. Rg5 Nd7 78.
Rg6 Kb5 79. Rh6 Nb6 80. Rd6 Na4 81. Rd5+ Kc6 82. Rg5 Nb6 83. Rh5 Nd7 84. Rg5 Nb6
85. Rg6+ Kc7 86. Rh6 Nd7 87. Kd5 Nb6+ 88. Kc5 Nd7+ 89. Kb5 Ne5 90. Re6 Nd7 91.
Rh6 Ne5 92. Rf6 Nd7 93. Re6 Nf8 94. Ra6 Nd7 95. Kc4 Nb6+ 96. Kc5 Nd7+ 97. Kd4
Nb6 98. Rxb6 Kxb6 1/2-1/2

[Event "25th European Teams"]
[Site "Batumi GEO"]
[Date "2025.10.12"]
[Round "7.9"]
[Board "3"]
[White "Pantsulaia, Levan"]
[Black "Subelj, Jan"]
[Result "1-0"]
[WhiteTitle "GM"]
[BlackTitle "GM"]
[WhiteElo "2457"]
[BlackElo "2545"]
[WhiteTeam "Georgia 1"]
[BlackTeam "Slovenia"]
[WhiteFideId "13602071"]
[BlackFideId "14618583"]
[EventDate "2025.10.05"]

1. Nf3 d5 2. g3 Bg4 3. Bg2 e6 4. c4 c6 5. O-O Nf6 6. d3 Bd6 7. Qb3 Qb6 8. Be3
Qxb3 9. axb3 Nbd7 10. h3 Bxf3 11. Bxf3 a6 12. Nc3 O-O 13. d4 Rfd8 14. Rfd1 h6
15. Bd2 e5 16. cxd5 exd4 17. dxc6 dxc3 18. cxb7 Rab8 19. bxc3 Nc5 20. Be3 Nce4
21. Bd4 Bc7 22. Bxf6 Rxd1+ 23. Rxd1 Nxf6 24. b4 Kf8 25. c4 Be5 26. Rd3 Ne8 27.
c5 Nc7 28. Rd7 Re8 29. Bh5 g6 30. f4 a5 31. fxe5 Na6 32. c6 a4 33. c7 Nxc7 34.
Rxc7 a3 35. Rc8 1-0

[Event "25th European Teams"]
[Site "Batumi GEO"]
[Date "2025.10.12"]
[Round "7.9"]
[Board "4"]
[White "Sebenik, Matej"]
[Black "Jobava, Baadur"]
[Result "1/2-1/2"]
[WhiteTitle "GM"]
[BlackTitle "GM"]
[WhiteElo "2505"]
[BlackElo "2573"]
[WhiteTeam "Slovenia"]
[BlackTeam "Georgia 1"]
[WhiteFideId "14602296"]
[BlackFideId "13601520"]
[EventDate "2025.10.05"]

1. d4 d5 2. c4 dxc4 3. e3 e5 4. Bxc4 Nc6 5. Nf3 e4 6. Qb3 Nh6 7. Nfd2 f5 8. O-O
Bd6 9. Be2 Nf7 10. Nc4 Be7 11. Rd1 O-O 12. d5 Nb8 13. Nc3 Kh8 14. Qc2 Bf6 15. a4
Na6 16. Rb1 Nb4 17. Qb3 Na6 18. Qc2 Nb4 19. Qb3 Na6 20. Qc2 Nb4 1/2-1/2

[Event "25th European Teams"]
[Site "Batumi GEO"]
[Date "2025.10.12"]
[Round "7.10"]
[Board "1"]
[White "Bjerre, Jonas Buhl"]
[Black "Wojtaszek, Radoslaw"]
[Result "1/2-1/2"]
[WhiteTitle "GM"]
[BlackTitle "GM"]
[WhiteElo "2629"]
[BlackElo "2654"]
[WhiteTeam "Denmark"]
[BlackTeam "Poland"]
[WhiteFideId "1444948"]
[BlackFideId "1118358"]
[EventDate "2025.10.05"]

1. e4 e5 2. Nf3 Nc6 3. Bb5 a6 4. Ba4 Nf6 5. d3 b5 6. Bb3 Bc5 7. c3 O-O 8. Nbd2
d6 9. Nf1 d5 10. exd5 Nxd5 11. Ng3 a5 12. O-O a4 13. Bc2 Bb6 14. d4 exd4 15. Qd3
f5 16. Qxb5 Ra5 17. Qxc6 Bd7 18. Qb7 Bc8 19. Qc6 Bd7 20. Qb7 Bc8 21. Qc6 Bd7 1/2-1/2

[Event "25th European Teams"]
[Site "Batumi GEO"]
[Date "2025.10.12"]
[Round "7.10"]
[Board "2"]
[White "Gumularz, Szymon"]
[Black "Thybo, Jesper Sondergaard"]
[Result "0-1"]
[WhiteTitle "GM"]
[BlackTitle "GM"]
[WhiteElo "2592"]
[BlackElo "2578"]
[WhiteTeam "Poland"]
[BlackTeam "Denmark"]
[WhiteFideId "1188062"]
[BlackFideId "1438832"]
[EventDate "2025.10.05"]

1. e4 e5 2. Nf3 Nc6 3. Bc4 Bc5 4. d3 Nf6 5. a4 a5 6. Be3 Bxe3 7. fxe3 O-O 8. Nc3
d6 9. Qe2 Be6 10. O-O-O b6 11. Bxe6 fxe6 12. d4 exd4 13. exd4 Kh8 14. h4 Qe8 15.
h5 e5 16. d5 Nd8 17. h6 g6 18. Ng5 Ng8 19. Qe3 Qe7 20. g3 Rf6 21. Nb5 Rc8 22.
Rd3 Nb7 23. Ne6 Nd8 24. Nxd8 Rxd8 25. Rc3 Rd7 26. b3 Qd8 27. Kb2 Rff7 28. g4 g5
29. Rc4 Rf4 30. Qc3 Rff7 31. Rh3 Qe7 32. Qd2 Qd8 33. Ka2 Qe7 34. Rhc3 Qd8 35.
Qh2 Nf6 36. Qh3 Ne8 37. Qh5 Qe7 38. Kb2 Qd8 39. Rc6 Qe7 40. R3c4 Kg8 41. Qh3 Qf8
42. Qh5 Qe7 43. Nc3 Rf2 44. Nd1 Re2 45. Qh1 Qf6 46. Rc3 Rf7 47. Ne3 Qf3 48. Qh5
Qf4 49. Nf5 Re1 50. Rg3 Qc1+ 51. Kc3 Rh1 52. Qxf7+ Kxf7 53. Rf3 Qe1+ 0-1

[Event "25th European Teams"]
[Site "Batumi GEO"]
[Date "2025.10.12"]
[Round "7.10"]
[Board "3"]
[White "Andersen, Mads"]
[Black "Teclaf, Pawel"]
[Result "0-1"]
[WhiteTitle "GM"]
[BlackTitle "GM"]
[WhiteElo "2556"]
[BlackElo "2563"]
[WhiteTeam "Denmark"]
[BlackTeam "Poland"]
[WhiteFideId "1413864"]
[BlackFideId "1185934"]
[EventDate "2025.10.05"]

1. d4 Nf6 2. c4 e6 3. Nf3 b6 4. g3 Bb4+ 5. Bd2 Be7 6. Bg2 c6 7. O-O d5 8. Qc2
Ba6 9. Ne5 Nfd7 10. cxd5 cxd5 11. Bf4 O-O 12. Rc1 Nxe5 13. Bxe5 Nd7 14. Bc7 Qc8
15. e4 Nf6 16. Qa4 Nxe4 17. Bf4 b5 18. Qb3 Qd8 19. Rc6 Bc8 20. Rc2 a6 21. a4
bxa4 22. Rxa4 Bd7 23. Ra1 Nd6 24. Nd2 Bb5 25. Nf3 Rc8 26. Rxc8 Qxc8 27. Bf1 Nc4
28. Qa2 Qb7 29. b3 Nd6 30. Bxb5 Qxb5 31. Bxd6 Bxd6 32. Qxa6 Qxb3 33. Kg2 Qb8 34.
Qc6 Rc8 35. Qd7 Rd8 36. Qc6 h6 37. Ra6 Qc7 38. Qa4 Rc8 39. Ra7 Qc6 40. Qa5 Rb8
41. Ra6 Bc7 42. Qa2 Bb6 43. Ne5 Qb5 44. Ra8 Bc7 45. Rxb8+ Qxb8 46. Nd7 Qc8 47.
Qa4 Bd6 48. Nb6 Qd8 49. Nd7 Be7 50. Ne5 Bf6 51. Nf3 g5 52. h3 Qb6 53. Qd1 Qb2
54. Qd3 Qc1 55. g4 Kg7 56. Kh2 Be7 57. Kg2 Kg8 58. Qb3 Qc7 59. Qd3 Bf6 60. Kg1
Bg7 61. Kg2 Qf4 62. Kf1 f5 63. gxf5 exf5 64. Qc3 Qe4 65. Nd2 Qf4 66. Nb3 Kh7 67.
Kg2 Qe4+ 68. Kg1 h5 69. Kf1 g4 70. hxg4 fxg4 71. Nc5 Qxd4 72. Qxd4 Bxd4 73. Nd3
Bf6 74. Nf4 d4 75. f3 Kh6 76. fxg4 hxg4 77. Ke2 Kg5 78. Ng2 Kf5 79. Kd3 g3 80.
Ne1 Kf4 81. Ke2 Ke4 82. Kd2 Bg5+ 83. Ke2 Be3 0-1

[Event "25th European Teams"]
[Site "Batumi GEO"]
[Date "2025.10.12"]
[Round "7.10"]
[Board "4"]
[White "Malek, Jan"]
[Black "Olsen, Filip Boe"]
[Result "1/2-1/2"]
[WhiteTitle "GM"]
[BlackTitle "IM"]
[WhiteElo "2508"]
[BlackElo "2451"]
[WhiteTeam "Poland"]
[BlackTeam "Denmark"]
[WhiteFideId "21864080"]
[BlackFideId "1440640"]
[EventDate "2025.10.05"]

1. c4 e6 2. Nc3 d5 3. d4 Nf6 4. cxd5 exd5 5. Bg5 c6 6. e3 h6 7. Bf4 Bd6 8. Bxd6
Qxd6 9. Bd3 O-O 10. Nf3 Bg4 11. Qc2 Nbd7 12. Nh4 c5 13. dxc5 Nxc5 14. O-O Rac8
15. h3 Bd7 16. Rac1 Nxd3 17. Qxd3 Qb4 18. Nf5 Bxf5 19. Qxf5 Rcd8 20. b3 d4 21.
Qf4 a5 22. exd4 Rxd4 23. Qf3 Rfd8 24. Rfd1 Rxd1+ 25. Rxd1 Rxd1+ 26. Nxd1 Qd2 27.
Nc3 b5 28. a3 b4 29. axb4 axb4 30. Ne2 Nd5 31. Qf5 g6 32. Qc8+ Kg7 33. Qc4 Qe1+
34. Kh2 Qxf2 35. Qxd5 Qxe2 36. Qd4+ Kg8 37. Qxb4 Qe5+ 38. Kg1 h5 39. Qd2 Qa1+
40. Kf2 Qf6+ 41. Ke2 Qe5+ 42. Kd3 Qd5+ 43. Kc3 Qc6+ 44. Kb2 Qf6+ 45. Kc2 Qf5+
46. Kc3 Qf6+ 47. Kd3 Qf5+ 48. Kc4 Qc8+ 49. Kb4 Qb7+ 50. Kc3 Qc6+ 51. Kd3 Qd5+
52. Kc2 Qf5+ 53. Kc1 Qf1+ 54. Kb2 Qf6+ 55. Kb1 Qf1+ 56. Kb2 1/2-1/2

[Event "25th European Teams"]
[Site "Batumi GEO"]
[Date "2025.10.12"]
[Round "7.11"]
[Board "1"]
[White "Alekseenko, Kirill"]
[Black "Moroni, Luca Jr"]
[Result "1/2-1/2"]
[WhiteTitle "GM"]
[BlackTitle "GM"]
[WhiteElo "2679"]
[BlackElo "2544"]
[WhiteTeam "Austria"]
[BlackTeam "Italy"]
[WhiteFideId "4135539"]
[BlackFideId "865834"]
[EventDate "2025.10.05"]

1. e4 e6 2. d4 d5 3. e5 c5 4. c3 Nc6 5. Nf3 Qb6 6. a3 Nh6 7. Bd3 cxd4 8. O-O Bd7
9. b4 Rc8 10. Ra2 a6 11. Rc2 Nd8 12. Bxh6 gxh6 13. c4 dxc4 14. Rxc4 Rxc4 15.
Bxc4 Nc6 16. Nbd2 Bg7 17. Re1 O-O 18. h4 Rd8 19. Bd3 Ne7 20. Qb1 Ng6 21. h5 Nf8
22. Nh2 f5 23. g4 Qc7 24. gxf5 Bxe5 25. Nhf3 Bf4 26. Bc4 Bxd2 27. Nxd2 Qf4 28.
Qd3 Kh8 29. Re4 Qg5+ 30. Kf1 e5 31. Rxe5 Bc6 32. Ne4 Qf4 33. Re7 Qc1+ 34. Ke2
Bxe4 35. Rxe4 Qb2+ 36. Kf3 b5 37. Bb3 Qc3 38. Ke2 Qb2+ 39. Kf3 Qc3 40. Ke2 Qb2+
41. Kf1 Qc1+ 42. Re1 Qc6 43. Qe4 Qxe4 44. Rxe4 Kg7 45. Re7+ Kf6 46. Ra7 Kxf5 47.
Rxa6 Rc8 48. Rd6 Ke5 49. Rd5+ Ke4 50. Rxb5 Nd7 51. Bd5+ Kf4 52. Ke2 Rc1 53. a4
Ne5 54. Rb8 d3+ 55. Kd2 Rc2+ 56. Ke1 Rc1+ 57. Kd2 Rc2+ 58. Ke1 Rc1+ 1/2-1/2

[Event "25th European Teams"]
[Site "Batumi GEO"]
[Date "2025.10.12"]
[Round "7.11"]
[Board "2"]
[White "Brunello, Sabino"]
[Black "Horvath, Dominik"]
[Result "1-0"]
[WhiteTitle "GM"]
[BlackTitle "GM"]
[WhiteElo "2493"]
[BlackElo "2558"]
[WhiteTeam "Italy"]
[BlackTeam "Austria"]
[WhiteFideId "813613"]
[BlackFideId "1642561"]
[EventDate "2025.10.05"]

1. Nf3 Nf6 2. b3 d5 3. e3 g6 4. Bb2 Bg7 5. d4 O-O 6. Nbd2 b6 7. Bd3 Bb7 8. h4
Nbd7 9. Ne5 h5 10. Ndf3 Ne4 11. g4 Ndf6 12. gxh5 Nxh5 13. Rg1 c5 14. Ng5 b5 15.
Nxe4 dxe4 16. Be2 Qa5+ 17. Kf1 Bxe5 18. dxe5 Ng7 19. h5 Rad8 20. Qe1 Qb6 21. e6
Qxe6 22. Qc3 Qh3+ 23. Ke1 f6 24. Qxc5 Rd5 25. Qxa7 Qd7 26. Qa5 Rd8 27. c4 Rd2
28. Bd4 Rc2 29. Bd1 Ra8 30. Qxb5 Bc6 31. Qb6 Rcxa2 32. Rxa2 Rxa2 33. Qb8+ Ne8
34. Rxg6+ Kf7 35. Bg4 e6 36. Qf4 Qe7 37. Qh6 Qb4+ 38. Kf1 1-0

[Event "25th European Teams"]
[Site "Batumi GEO"]
[Date "2025.10.12"]
[Round "7.11"]
[Board "3"]
[White "Dragnev, Valentin"]
[Black "Lodici, Lorenzo"]
[Result "0-1"]
[WhiteTitle "GM"]
[BlackTitle "GM"]
[WhiteElo "2539"]
[BlackElo "2560"]
[WhiteTeam "Austria"]
[BlackTeam "Italy"]
[WhiteFideId "1634852"]
[BlackFideId "884189"]
[EventDate "2025.10.05"]

1. e4 e5 2. Nf3 Nc6 3. Bb5 a6 4. Ba4 b5 5. Bb3 Na5 6. O-O d6 7. d4 Nxb3 8. axb3
f6 9. Nc3 Bb7 10. Be3 Ne7 11. Qd3 g6 12. dxe5 dxe5 13. Qe2 Qc8 14. Bc5 Nc6 15.
Bxf8 Kxf8 16. Nd5 Kg7 17. Rfd1 Rf8 18. Rd3 Rf7 19. Rad1 Qe8 20. R1d2 Nd8 21. Qe3
Ne6 22. g3 a5 23. h4 h5 24. Rd1 b4 25. c3 Qf8 26. cxb4 axb4 27. Rc1 Rd8 28. Rd2
c5 29. Qe2 Rfd7 30. Qc4 Qf7 31. Rcd1 Nd4 32. Nxd4 cxd4 33. Qxb4 Bxd5 34. exd5
Rb7 35. Qa4 Qxd5 36. Rd3 Qb5 37. Qa3 Qb6 38. Qa4 Rbd7 39. Qc4 e4 40. R3d2 f5 41.
Rc1 Ra7 42. Kh2 Rdd7 43. Qc8 Qxb3 44. Rc6 Qb7 45. Qxb7 Raxb7 46. Rc4 d3 0-1

[Event "25th European Teams"]
[Site "Batumi GEO"]
[Date "2025.10.12"]
[Round "7.11"]
[Board "4"]
[White "Sonis, Francesco"]
[Black "Blohberger, Felix"]
[Result "1/2-1/2"]
[WhiteTitle "GM"]
[BlackTitle "GM"]
[WhiteElo "2561"]
[BlackElo "2513"]
[WhiteTeam "Italy"]
[BlackTeam "Austria"]
[WhiteFideId "895733"]
[BlackFideId "1632051"]
[EventDate "2025.10.05"]

1. c4 e6 2. Nc3 d5 3. d4 Nf6 4. cxd5 exd5 5. Bg5 c6 6. Qc2 h6 7. Bh4 g6 8. e3
Bf5 9. Bd3 Bxd3 10. Qxd3 Bg7 11. Nge2 O-O 12. O-O Nbd7 13. f3 Re8 14. Rad1 Qe7
15. Bf2 Nf8 16. Qb1 Rad8 17. Nc1 b6 18. b4 c5 19. bxc5 bxc5 20. dxc5 Qxc5 21.
Rd3 Ne6 22. Rfd1 Qc4 23. Qb3 Rb8 24. Qxc4 dxc4 25. R3d2 Ng4 26. Rc2 Nxf2 27.
Kxf2 Bxc3 28. Rxc3 Rb2+ 29. Kg1 Rc8 30. Rd5 Rc6 31. Kf1 Kg7 32. Rd1 Rc5 33. Re1
Rb4 34. Rc2 h5 35. Ne2 Rb8 36. Rec1 Rb4 37. Nc3 g5 38. Ne4 Ra5 39. Nd2 c3 40.
Nb1 h4 41. Nxc3 Rc4 42. Ne4 Rca4 43. Nc3 Rc4 44. Nb1 Rca4 45. a3 Re5 46. Kf2 Ra6
47. Nd2 Rd5 48. Nc4 Rc5 49. Ke2 Rac6 50. a4 Ra6 51. Nb2 Re5 52. Rd2 Rb6 53. Rc3
Nf4+ 54. Kf2 Ne6 55. e4 Rc5 56. Nd1 Rxc3 57. Nxc3 Rb3 58. Nb5 a6 59. Nd4 Nxd4
60. Rxd4 Rb2+ 61. Kf1 Ra2 62. h3 f6 63. Rb4 a5 64. Rc4 Kg6 65. Kg1 Kg7 66. Kf1
Kg6 1/2-1/2

[Event "25th European Teams"]
[Site "Batumi GEO"]
[Date "2025.10.12"]
[Round "7.12"]
[Board "1"]
[White "Petriashvili, Nikoloz"]
[Black "Lashkin, Jegor"]
[Result "1-0"]
[WhiteTitle "IM"]
[BlackTitle "IM"]
[WhiteElo "2489"]
[BlackElo "2497"]
[WhiteTeam "Georgia 2"]
[BlackTeam "Moldova"]
[WhiteFideId "13611216"]
[BlackFideId "13907808"]
[EventDate "2025.10.05"]

1. Nf3 d5 2. b3 c5 3. e3 Nf6 4. Bb2 g6 5. Bb5+ Bd7 6. Bxf6 exf6 7. Bxd7+ Qxd7 8.
d4 Nc6 9. O-O cxd4 10. Nxd4 Be7 11. Nc3 O-O 12. Nxc6 bxc6 13. Qd3 f5 14. Ne2
Rfd8 15. Rfd1 Qb7 16. c4 a5 17. Qc2 dxc4 18. Qxc4 Qb5 19. Qc2 Bf6 20. Rxd8+ Rxd8
21. Rd1 Rxd1+ 22. Qxd1 Qe5 23. Qc1 Qa1 24. Qxa1 Bxa1 25. Nd4 c5 26. Nc6 Bc3 27.
Kf1 Kf8 28. Ke2 Ke8 29. Kd3 Be1 30. Ne5 f6 31. Nf3 Bb4 32. Nd2 Kd7 33. Nb1 Kc6
34. a3 c4+ 35. Kxc4 Be1 36. f3 Bf2 37. Kd3 Bg1 38. h3 Bh2 39. f4 Bg3 40. Nd2 g5
41. fxg5 fxg5 42. Nf3 Bd6 43. a4 g4 44. Nd4+ Kd5 45. Nxf5 gxh3 46. gxh3 Bc7 47.
e4+ Ke5 48. Ne3 h5 49. Nc4+ Kf4 50. e5 1-0

[Event "25th European Teams"]
[Site "Batumi GEO"]
[Date "2025.10.12"]
[Round "7.12"]
[Board "2"]
[White "Schitco, Ivan"]
[Black "Tutisani, Noe"]
[Result "1/2-1/2"]
[WhiteTitle "GM"]
[BlackTitle "IM"]
[WhiteElo "2483"]
[BlackElo "2424"]
[WhiteTeam "Moldova"]
[BlackTeam "Georgia 2"]
[WhiteFideId "13905465"]
[BlackFideId "13602853"]
[EventDate "2025.10.05"]

1. e4 e5 2. Nf3 Nc6 3. Bb5 a6 4. Ba4 Nf6 5. O-O b5 6. Bb3 Bb7 7. d3 Be7 8. c4
bxc4 9. Bxc4 O-O 10. Nc3 d6 11. Rb1 Na5 12. b3 h6 13. h3 Rb8 14. Qc2 c5 15. Bd2
Kh8 16. Ne2 Nc6 17. Ng3 Bc8 18. Rbe1 Nh7 19. a3 Ng5 20. Nxg5 Bxg5 21. Ne2 Bxd2
22. Qxd2 Qg5 23. Qe3 Qxe3 24. fxe3 Be6 25. Rb1 Na5 26. Nc3 Nxc4 27. bxc4 Kg8 28.
Kf2 f6 29. Ke2 Kf7 30. Na4 Bd7 31. Nc3 Be6 32. Kd2 Ke7 33. a4 Kd7 34. a5 h5 35.
Na4 h4 36. Nb6+ Kc7 37. Kc3 Rh8 38. Rb2 Rb7 39. Rfb1 Rhb8 40. Rg1 Rh8 41. Rgb1
Rhb8 42. d4 Bg8 43. Na8+ Kc8 44. Nb6+ Kd8 45. dxc5 dxc5 46. Rd1+ Ke8 47. Rd6 Bh7
48. Kd3 Rd8 49. Rd5 Bg8 50. Rxd8+ Kxd8 51. Rd2 Ke7 52. Kc3 Be6 53. Rb2 1/2-1/2

[Event "25th European Teams"]
[Site "Batumi GEO"]
[Date "2025.10.12"]
[Round "7.12"]
[Board "3"]
[White "Quparadze, Giga"]
[Black "Baltag, Iulian"]
[Result "1-0"]
[WhiteTitle "GM"]
[BlackTitle "IM"]
[WhiteElo "2493"]
[BlackElo "2394"]
[WhiteTeam "Georgia 2"]
[BlackTeam "Moldova"]
[WhiteFideId "13602250"]
[BlackFideId "13901419"]
[EventDate "2025.10.05"]

1. e4 d6 2. d4 Nf6 3. Nc3 g6 4. Bg5 Bg7 5. Qd2 h6 6. Bh4 g5 7. Bg3 Nh5 8. O-O-O
Nd7 9. e5 Nb6 10. Qe3 Bf5 11. Be2 Nxg3 12. hxg3 Qd7 13. f4 O-O-O 14. Nf3 e6 15.
a4 a6 16. a5 Nd5 17. Nxd5 exd5 18. Bd3 f6 19. exd6 Rhe8 20. Qd2 Be4 21. dxc7
Qxc7 22. Kb1 Kb8 23. Rhe1 Bf8 24. Bxe4 dxe4 25. Ng1 Rd5 26. Ne2 Rxa5 27. c4 f5
28. c5 Rd8 29. fxg5 Rxc5 30. gxh6 Rc6 31. Rh1 Qh7 32. Qa5 Rcd6 33. Rh5 Bxh6 34.
Rdh1 R8d7 35. Rxf5 Qg6 36. Rh4 e3 37. g4 Qe6 38. Qe5 Qc4 39. Rxh6 Qxe2 40. Rf8+
Kc7 41. Qa5+ 1-0

[Event "25th European Teams"]
[Site "Batumi GEO"]
[Date "2025.10.12"]
[Round "7.12"]
[Board "4"]
[White "Gubin, Dmitrii"]
[Black "Akhvlediani, Irakli"]
[Result "1/2-1/2"]
[BlackTitle "IM"]
[WhiteElo "2275"]
[BlackElo "2436"]
[WhiteTeam "Moldova"]
[BlackTeam "Georgia 2"]
[WhiteFideId "13911848"]
[BlackFideId "13601938"]
[EventDate "2025.10.05"]

1. c4 c5 2. g3 g6 3. Bg2 Bg7 4. Nc3 Nc6 5. Nf3 Nf6 6. d4 cxd4 7. Nxd4 h5 8. h3
Nxd4 9. Qxd4 O-O 10. Bd2 d6 11. Qd3 Be6 12. Rc1 Qd7 13. b3 Rfc8 14. e4 Rab8 15.
Be3 b6 16. f4 a6 17. a4 Rc7 18. Kf2 Qc8 19. Nd5 Nxd5 20. cxd5 Bd7 21. Rxc7 Qxc7
22. Rc1 Qb7 23. e5 Bf5 24. Qd4 Qd7 25. h4 a5 26. Rc6 b5 27. Qa7 Qxa7 28. Bxa7
Rb7 29. Bd4 bxa4 30. bxa4 Rb4 31. Bc3 Rxa4 32. exd6 Ra2+ 33. Kg1 Bxc3 34. dxe7
Bd4+ 35. Kh2 Bd7 36. Rc7 Bb5 37. d6 Bf6 38. Rc5 Bd7 39. Rc7 Bb5 40. Rc5 Bd7 41.
Rc7 1/2-1/2

[Event "25th European Teams"]
[Site "Batumi GEO"]
[Date "2025.10.12"]
[Round "7.13"]
[Board "1"]
[White "Kazakouski, Valery"]
[Black "Gorshtein, Ido"]
[Result "1/2-1/2"]
[WhiteTitle "GM"]
[BlackTitle "GM"]
[WhiteElo "2581"]
[BlackElo "2537"]
[WhiteTeam "Lithuania"]
[BlackTeam "Israel"]
[WhiteFideId "13507443"]
[BlackFideId "2815532"]
[EventDate "2025.10.05"]

1. e4 e5 2. Nf3 Nf6 3. d4 Nxe4 4. Bd3 d5 5. Nxe5 Nd7 6. Nxd7 Bxd7 7. O-O Bd6 8.
Nc3 Nxc3 9. bxc3 O-O 10. Qh5 f5 11. Bg5 Qe8 12. Qf3 c6 13. Rfe1 Qf7 14. Bf4 Bxf4
15. Qxf4 Rae8 16. h4 g6 17. a4 Rxe1+ 18. Rxe1 Re8 19. Re5 h5 20. Qe3 a5 21. Qe2
b6 22. g3 Kh7 23. c4 Rxe5 24. dxe5 d4 25. c5 bxc5 26. Bc4 Be6 27. Bxe6 Qxe6 28.
Qa6 Qxe5 29. Qa7+ Kg8 30. Qxa5 f4 31. gxf4 Qxf4 32. Qd8+ Kh7 33. Qd7+ Kh6 34.
Qc8 Qf6 35. Qg8 c4 36. Qxc4 Qxh4 37. Qxc6 Qg4+ 38. Kh2 Qh4+ 1/2-1/2